Central African Economic and Monetary Community : Recent Developments and Regional Policy Issues.

This paper on recent developments and regional policy issues in the Central African Economic and Monetary Community (CEMAC) discusses the recent development and trends in economic integration. Trade restrictions and an uneven application of CEMAC rules constrain external and intraregional trade. CEM...

وصف كامل

التفاصيل البيبلوغرافية
مؤلف مشترك: International Monetary Fund
التنسيق: دورية
اللغة:English
منشور في: Washington, D.C. : International Monetary Fund, 2005.
سلاسل:IMF Staff Country Reports; Country Report ; No. 2005/403
الموضوعات:
الوصول للمادة أونلاين:Full text available on IMF
LEADER 01733cas a2200253 a 4500
001 AALejournalIMF022862
008 230101c9999 xx r poo 0 0eng d
020 |c 20.00 USD 
020 |z 9781451806526 
022 |a 1934-7685 
040 |a BD-DhAAL  |c BD-DhAAL 
110 2 |a International Monetary Fund. 
245 1 0 |a Central African Economic and Monetary Community :   |b Recent Developments and Regional Policy Issues. 
264 1 |a Washington, D.C. :  |b International Monetary Fund,  |c 2005. 
300 |a 1 online resource (53 pages) 
490 1 |a IMF Staff Country Reports 
500 |a <strong>Off-Campus Access:</strong> No User ID or Password Required 
500 |a <strong>On-Campus Access:</strong> No User ID or Password Required 
506 |a Electronic access restricted to authorized BRAC University faculty, staff and students 
520 3 |a This paper on recent developments and regional policy issues in the Central African Economic and Monetary Community (CEMAC) discusses the recent development and trends in economic integration. Trade restrictions and an uneven application of CEMAC rules constrain external and intraregional trade. CEMAC officials agreed that further trade growth will require renewed commitment to abide by common trading rules. CEMAC faces important structural challenges, such as the weak financial sectors in several member countries and the need to increase competitiveness in the non-oil segments of the region's economies. 
538 |a Mode of access: Internet 
650 7 |a Energy  |2 imf 
830 0 |a IMF Staff Country Reports; Country Report ;  |v No. 2005/403 
856 4 0 |z Full text available on IMF  |u https://elibrary.imf.org/openurl?genre=journal&issn=1934-7685&volume=2005&issue=403  |z IMF e-Library